[Event "DVM U16 2009"]
[Site "Verden/Aller GER"]
[Date "2009.12.27"]
[Round "1"]
[White "Stanau, Guido"]
[Black "Zenziper, Leo Robert"]
[Result "1-0"]
[Termination "normal"]
[Board "9.2"]
[WhiteElo "2006"]
[BlackElo "1429"]
[WhiteTeam "Königsspringer SC 1984"]
[BlackTeam "SV Dresden-Striesen"]
[PlyCount "81"]
[WhiteFideId "24692255"]
[EventCountry "GER"]
[EventRounds "7"]
[EventType "team-swiss"]
[EventDate "2009.12.26"]

1. e4 e6 2. d4 d5 3. Nc3 Nf6 4. e5 Nfd7 5. f4 c5 6. Be3 Nc6 7. Nf3 Qb6 8. Na4
Qa5+ 9. Nc3 a6 10. Be2 cxd4 11. Nxd4 Nxd4 12. Bxd4 Bc5 13. Bf3 Qb4 14. Bxc5
Nxc5 15. Qd2 Qxb2 16. Rb1 Qa3 17. f5 O-O 18. f6 Kh8 19. fxg7+ Kxg7 20. O-O Nd7
21. Qg5+ Kh8 22. Rb3 Qc5+ 23. Kh1 Rg8 24. Qh5 Qe7 25. Re1 b5 26. a3 Bb7 27. Rb4
Rg5 28. Qh6 Nxe5 29. Rh4 f6 30. Rf4 Nxf3 31. gxf3 Rg6 32. Qh3 e5 33. Rg4 Rag8
34. Rh4 Bc6 35. Rh5 Qa7 36. Qf1 Qc5 37. Ne2 Qxa3 38. Qh3 Qe7 39. Ra1 Qa7 40.
Rh6 Bd7 41. Rxh7# 1-0

[Event "DVM U16 2009"]
[Site "Verden/Aller GER"]
[Date "2009.12.27"]
[Round "1"]
[White "Leithold, Christian"]
[Black "Steinfeldt, Henry"]
[Result "0-1"]
[Termination "normal"]
[Board "9.3"]
[WhiteElo "1338"]
[BlackElo "1796"]
[WhiteTeam "SV Dresden-Striesen"]
[BlackTeam "Königsspringer SC 1984"]
[PlyCount "63"]
[BlackFideId "24697176"]
[EventCountry "GER"]
[EventRounds "7"]
[EventType "team-swiss"]
[EventDate "2009.12.26"]

1. e4 e5 2. Nf3 Nf6 3. Nxe5 d6 4. Nf3 Nxe4 5. Qe2 Qe7 6. d3 Nf6 7. Bg5 Bg4 8.
Nc3 Qxe2+ 9. Bxe2 c6 10. h3 Bh5 11. O-O Be7 12. Rfe1 O-O 13. Nd4 Bg6 14. Bh5
Re8 15. Bxg6 fxg6 16. Ne6 Na6 17. Re2 h6 18. Bh4 g5 19. Bg3 d5 20. a3 Rac8 21.
Rae1 Bf8 22. Nxf8 Rxf8 23. Re7 Rfe8 24. Rxe8+ Rxe8 25. Rxe8+ Nxe8 26. b4 Kf7
27. b5 Nc5 28. a4 Ne6 29. Be5 Nc5 30. bxc6 bxc6 31. Bd4 Na6 32. Nb1 { Partie
weiter nicht nachvollziehbar} 0-1

[Event "DVM U16 2009"]
[Site "Verden/Aller GER"]
[Date "2009.12.27"]
[Round "1"]
[White "Hort, Max"]
[Black "Hanisch, Paul"]
[Result "1-0"]
[Termination "normal"]
[Board "9.4"]
[WhiteElo "1850"]
[BlackElo "1361"]
[WhiteTeam "Königsspringer SC 1984"]
[BlackTeam "SV Dresden-Striesen"]
[PlyCount "107"]
[WhiteFideId "24600849"]
[EventCountry "GER"]
[EventRounds "7"]
[EventType "team-swiss"]
[EventDate "2009.12.26"]

1. e4 e5 2. Nf3 Nf6 3. Nc3 Nc6 4. Bb5 d6 5. d3 h6 6. Be3 Bd7 7. Bc4 Ne7 8. Qd2
c6 9. Bb3 Qc7 10. d4 exd4 11. Bxd4 Ng6 12. O-O-O Be6 13. h4 Bg4 14. Bxf6 gxf6
15. h5 Ne5 16. Nxe5 fxe5 17. f3 Bd7 18. f4 Be7 19. Kb1 Bg4 20. Rdf1 f6 21. f5
Rh7 22. Rh4 Bxf5 23. exf5 d5 24. Rg4 O-O-O 25. Ne2 b5 26. a4 a6 27. axb5 axb5
28. c3 Qa7 29. Rg6 Kc7 30. Rxh6 Rhh8 31. Rxh8 Rxh8 32. Ng3 Bd6 33. Bxd5 cxd5
34. Qxd5 Qc5 35. Qxc5+ Bxc5 36. Ne4 Be7 37. Rh1 Kc6 38. Kc2 Kd5 39. Kd3 Rh6 40.
g4 Bf8 41. Ra1 Bg7 42. Ra7 Rh7 43. Nxf6+ Bxf6 44. Rxh7 e4+ 45. Kc2 e3 46. Kd3
Bg5 47. Rg7 Bh6 48. Rg6 Bf4 49. h6 b4 50. h7 Be5 51. f6 Bxf6 52. Rxf6 e2 53.
Kxe2 bxc3 54. h8=Q 1-0

[Event "DVM U16 2009"]
[Site "Verden/Aller GER"]
[Date "2009.12.27"]
[Round "1"]
[White "Nguyen Minh, Thuy"]
[Black "Biesel, Mario"]
[Result "1-0"]
[Termination "normal"]
[Board "10.1"]
[WhiteElo "1915"]
[BlackElo "1523"]
[WhiteTeam "USG Chemnitz"]
[BlackTeam "SC Turm Illingen"]
[PlyCount "99"]
[WhiteFideId "24672688"]
[BlackFideId "12910252"]
[EventCountry "GER"]
[EventRounds "7"]
[EventType "team-swiss"]
[EventDate "2009.12.26"]

1. e4 c5 2. Nf3 Nc6 3. d4 cxd4 4. Nxd4 Nf6 5. Nc3 d6 6. Bg5 e5 7. Ndb5 a6 8.
Na3 b5 9. Nd5 Be7 10. Bxf6 Bxf6 11. c3 O-O 12. Nc2 Bb7 13. h4 Rc8 14. Nce3 Na5
15. g3 Bxd5 16. Nxd5 Be7 17. a4 Nc4 18. Qb3 Nb6 19. axb5 Nxd5 20. Qxd5 axb5 21.
Bxb5 Rc5 22. Qd3 d5 23. b4 Rc7 24. exd5 e4 25. Qd2 Bf6 26. Ra3 Qd6 27. c4 Rd8
28. O-O Re7 29. Re1 Re5 30. Kg2 g5 31. Ra6 Qe7 32. d6 Qb7 33. Qe3 gxh4 34. Qb6
Qxb6 35. Rxb6 hxg3 36. fxg3 Re6 37. c5 Bc3 38. Rb1 e3 39. Kf3 Bd2 40. Be2 Rf6+
41. Ke4 Re6+ 42. Kd3 Rd7 43. Bg4 Ra7 44. Bxe6 fxe6 45. c6 Ra3+ 46. Ke2 Ra2 47.
c7 Bc1+ 48. Ke1 Bd2+ 49. Kf1 e2+ 50. Kxe2 1-0

[Event "DVM U16 2009"]
[Site "Verden/Aller GER"]
[Date "2009.12.27"]
[Round "1"]
[White "Kuhn, Patrick"]
[Black "Schätz, Annika"]
[Result "1-0"]
[Termination "normal"]
[Board "10.2"]
[WhiteElo "1617"]
[BlackElo "1786"]
[WhiteTeam "SC Turm Illingen"]
[BlackTeam "USG Chemnitz"]
[PlyCount "53"]
[WhiteFideId "12910260"]
[BlackFideId "24674796"]
[EventCountry "GER"]
[EventRounds "7"]
[EventType "team-swiss"]
[EventDate "2009.12.26"]

1. c4 c5 2. Nf3 b6 3. e3 Bb7 4. d4 cxd4 5. exd4 d5 6. cxd5 Bxd5 7. Bb5+ Bc6 8.
Bxc6+ Nxc6 9. d5 Na5 10. Ne5 Nf6 11. Qa4+ Nd7 12. Bd2 Nb7 13. b4 Nd6 14. Nc6 b5
15. Qb3 Qc7 16. Nd4 Ne4 17. O-O Nxd2 18. Nxd2 Qb6 19. N2f3 g6 20. Rac1 Bg7 21.
Rc6 Qb7 22. Re1 O-O 23. Rxe7 Rfe8 24. Qe3 Kf8 25. d6 Bf6 26. Rc7 Qd5 27. Rcxd7
1-0

[Event "DVM U16 2009"]
[Site "Verden/Aller GER"]
[Date "2009.12.27"]
[Round "1"]
[White "Matschewsky, Justus"]
[Black "Weiler, Philipp"]
[Result "1-0"]
[Termination "normal"]
[Board "10.3"]
[WhiteElo "1731"]
[BlackElo "1339"]
[WhiteTeam "USG Chemnitz"]
[BlackTeam "SC Turm Illingen"]
[PlyCount "141"]
[WhiteFideId "24678708"]
[EventCountry "GER"]
[EventRounds "7"]
[EventType "team-swiss"]
[EventDate "2009.12.26"]

1. e4 c5 2. Nf3 Nc6 3. d4 cxd4 4. Nxd4 Nf6 5. Nc3 d6 6. Be3 g6 7. Be2 Bd7 8.
O-O Bg7 9. Qd2 O-O 10. Nb3 Rc8 11. Bh6 Ne5 12. Bxg7 Kxg7 13. Qd4 Nc6 14. Qe3
Be6 15. Rad1 Bg4 16. f3 Be6 17. f4 Ng4 18. Bxg4 Bxg4 19. Rd2 Be6 20. e5 d5 21.
Rfd1 Bg4 22. Rf1 Be6 23. h3 d4 24. Nxd4 Nxd4 25. Qxd4 Qa5 26. Qe3 Rxc3 27. Qxc3
Qxc3 28. bxc3 Rc8 29. Rf3 Bxa2 30. Rd7 e6 31. Rd4 Bd5 32. Re3 Rc5 33. Ra4 a6
34. Kf2 Bc6 35. Rb4 a5 36. Rb2 Bd5 37. Rb1 b5 38. g3 Bc4 39. Ke1 a4 40. Kd2 a3
41. Ra1 a2 42. Kc1 Rc7 43. Kb2 Ra7 44. Re4 Kf8 45. Rxc4 bxc4 46. Rxa2 Rb7+ 47.
Kc1 Ke7 48. Ra4 Rc7 49. Kd2 Rd7+ 50. Ke2 Rc7 51. Ke3 f6 52. exf6+ Kxf6 53. Ke4
h6 54. Kd4 Kf5 55. Rxc4 Rd7+ 56. Ke3 Rd1 57. Rc8 Kf6 58. Rb8 Rh1 59. h4 Rh3 60.
Kf3 Rh2 61. Rb2 g5 62. fxg5+ hxg5 63. hxg5+ Kxg5 64. c4 Rd2 65. c5 Rd8 66. c6
Kf6 67. Rb3 Ke7 68. c7 Rc8 69. Rc3 Kd6 70. Ke4 e5 71. g4 1-0

[Event "DVM U16 2009"]
[Site "Verden/Aller GER"]
[Date "2009.12.27"]
[Round "1"]
[White "Küneke, Niklas"]
[Black "Jentzsch, Jakob"]
[Result "1/2-1/2"]
[Termination "normal"]
[Board "10.4"]
[WhiteElo "1173"]
[BlackElo "1525"]
[WhiteTeam "SC Turm Illingen"]
[BlackTeam "USG Chemnitz"]
[PlyCount "67"]
[EventCountry "GER"]
[EventRounds "7"]
[EventType "team-swiss"]
[EventDate "2009.12.26"]

1. e4 c6 2. Nf3 d5 3. exd5 cxd5 4. d4 a6 5. Bf4 Nc6 6. c3 Bf5 7. Bd3 Bxd3 8.
Qxd3 e6 9. O-O Bd6 10. Bxd6 Qxd6 11. Nbd2 Nge7 12. Rfe1 Ng6 13. Qe3 O-O 14. Ne5
Ngxe5 15. dxe5 Qd7 16. Nf3 f6 17. exf6 Rxf6 18. Nd4 Kf7 19. Qd3 h6 20. Re3 Re8
21. b4 e5 22. Nxc6 Qxc6 23. Rd1 Rd6 24. Qf5+ Rf6 25. Qh5+ Rg6 26. Rf3+ Kg8 27.
Qf5 Rf6 28. Qg4 Rxf3 29. Qxf3 Rd8 30. Qe3 Qe6 31. f3 Kf7 32. a4 Kf6 33. f4 exf4
34. Qxf4+ 1/2-1/2

[Event "DVM U16 2009"]
[Site "Verden/Aller GER"]
[Date "2009.12.27"]
[Round "2"]
[White "Hager, Joshua Aarash"]
[Black "Kahleys, Kevin"]
[Result "1/2-1/2"]
[Termination "normal"]
[Board "1.1"]
[WhiteElo "2231"]
[BlackElo "2034"]
[WhiteTeam "OSG Baden-Baden"]
[BlackTeam "SV Mülheim Nord 1931"]
[PlyCount "102"]
[WhiteFideId "24642789"]
[BlackFideId "24669601"]
[EventCountry "GER"]
[EventRounds "7"]
[EventType "team-swiss"]
[EventDate "2009.12.26"]

1. e4 e6 2. d4 d5 3. Nd2 Nf6 4. e5 Nfd7 5. f4 c5 6. c3 Nc6 7. Ndf3 Qb6 8. h4
cxd4 9. cxd4 Bb4+ 10. Kf2 f6 11. Be3 Be7 12. Qd2 h5 13. Bd3 f5 14. Ne2 g6 15.
Nc3 Nf8 16. Rac1 Bd7 17. Na4 Qd8 18. Nc5 Bxc5 19. Rxc5 a5 20. Rhc1 Nh7 21. Kg3
O-O 22. Ne1 Qb6 23. Be2 Rfc8 24. Nd3 Qa7 25. a3 b6 26. R5c2 Qb7 27. Nf2 Nf8 28.
Nd1 Kf7 29. Nc3 Na7 30. Bd3 Bc6 31. Qe2 Qd7 32. b4 axb4 33. axb4 b5 34. Ra2
Rab8 35. Ra5 Rb6 36. Rca1 Rc7 37. Nb1 Rbb7 38. Nd2 Qe7 39. Nb3 Nd7 40. Bd2 Qd8
41. R1a2 Qb8 42. Qf1 Qe8 43. Qa1 Nc8 44. Nc5 Nxc5 45. bxc5 Qd7 46. Qb1 Ra7 47.
Rb2 Rxa5 48. Bxa5 Rb7 49. Kf3 Ra7 50. Ra2 Rb7 51. g3 Kg7 1/2-1/2

[Event "DVM U16 2009"]
[Site "Verden/Aller GER"]
[Date "2009.12.27"]
[Round "2"]
[White "Mundorf, Johannes"]
[Black "Sarchisov, Slavik"]
[Result "1-0"]
[Termination "normal"]
[Board "1.2"]
[WhiteElo "1858"]
[BlackElo "2115"]
[WhiteTeam "SV Mülheim Nord 1931"]
[BlackTeam "OSG Baden-Baden"]
[PlyCount "103"]
[WhiteFideId "24672491"]
[BlackFideId "24647888"]
[EventCountry "GER"]
[EventRounds "7"]
[EventType "team-swiss"]
[EventDate "2009.12.26"]

1. d4 d6 2. Nf3 Nf6 3. c4 g6 4. g3 Bg7 5. Bg2 O-O 6. O-O Nbd7 7. Qc2 e5 8. Rd1
Qe7 9. Nc3 Re8 10. e4 exd4 11. Nxd4 Nc5 12. f3 c6 13. Bf4 Rd8 14. Rd2 h6 15.
Rad1 g5 16. Nxc6 bxc6 17. Bxd6 Rxd6 18. Rxd6 Bb7 19. Qf2 Ncd7 20. f4 gxf4 21.
gxf4 Nf8 22. e5 Ne8 23. Bxc6 Bxc6 24. Rxc6 Qb7 25. Rc5 Rc8 26. b3 Rxc5 27. Qxc5
Qf3 28. Qd4 Ne6 29. Qd3 Qxf4 30. Qg3 Qxg3+ 31. hxg3 Bxe5 32. Ne2 N8c7 33. Kg2
Kf8 34. Rh1 Bg7 35. Nf4 Nxf4+ 36. gxf4 Ke7 37. Kf3 Kd6 38. Rh5 Kc6 39. Rf5 f6
40. Kg4 Ne6 41. Ra5 Kb6 42. Rd5 Kc7 43. Kf5 Nf8 44. Rd1 h5 45. Rh1 Kd6 46. Rxh5
Kc5 47. Rh1 Kb4 48. Rd1 Bh6 49. Rd5 a6 50. Rd6 Bg7 51. Rxa6 Kc5 52. a4 1-0

[Event "DVM U16 2009"]
[Site "Verden/Aller GER"]
[Date "2009.12.27"]
[Round "2"]
[White "Bochis, Julia"]
[Black "Simanowski, Mio"]
[Result "1-0"]
[Termination "normal"]
[Board "1.3"]
[WhiteElo "2077"]
[BlackElo "1633"]
[WhiteTeam "OSG Baden-Baden"]
[BlackTeam "SV Mülheim Nord 1931"]
[PlyCount "57"]
[WhiteFideId "24647276"]
[BlackFideId "24687154"]
[EventCountry "GER"]
[EventRounds "7"]
[EventType "team-swiss"]
[EventDate "2009.12.26"]

1. e4 e5 2. Bc4 Nf6 3. d3 Bc5 4. Nc3 O-O 5. f4 d6 6. Nf3 Ng4 7. Qe2 Bf2+ 8. Kf1
Bb6 9. h3 Nf6 10. g4 exf4 11. Bxf4 Be6 12. Bb3 Nc6 13. Kg2 Nd4 14. Nxd4 Bxd4
15. Raf1 Bxb3 16. axb3 Nd7 17. Nd1 Ne5 18. c3 Bb6 19. Ne3 a5 20. h4 Ng6 21. Bg3
Qd7 22. h5 Ne7 23. h6 Bxe3 24. hxg7 Kxg7 25. Qxe3 Qe6 26. Qg5+ Qg6 27. Qxe7
Qxg4 28. Qf6+ Kg8 29. Rf5 1-0

[Event "DVM U16 2009"]
[Site "Verden/Aller GER"]
[Date "2009.12.27"]
[Round "2"]
[White "Messing, Simon"]
[Black "Gölgeci, Oguz"]
[Result "1-0"]
[Termination "normal"]
[Board "1.4"]
[WhiteElo "1593"]
[BlackElo "1861"]
[WhiteTeam "SV Mülheim Nord 1931"]
[BlackTeam "OSG Baden-Baden"]
[PlyCount "25"]
[WhiteFideId "24651990"]
[BlackFideId "12910120"]
[EventCountry "GER"]
[EventRounds "7"]
[EventType "team-swiss"]
[EventDate "2009.12.26"]

1. c4 e5 2. Nc3 Nc6 3. Nf3 Nf6 4. d4 exd4 5. Nxd4 Ne5 6. Bg5 Bb4 7. Qb3 Bxc3+
8. Qxc3 a6 9. Nf5 O-O 10. Qxe5 d6 11. Ne7+ Kh8 12. Qxf6 Be6 13. Ng6+ 1-0

[Event "DVM U16 2009"]
[Site "Verden/Aller GER"]
[Date "2009.12.27"]
[Round "2"]
[White "Raum, Sebastian"]
[Black "Xu, Xianliang"]
[Result "1-0"]
[Termination "normal"]
[Board "2.1"]
[WhiteElo "1910"]
[BlackElo "1968"]
[WhiteTeam "SG Oesede-Georgsmarienhütte"]
[BlackTeam "SK Bebenhausen"]
[PlyCount "105"]
[WhiteFideId "24673935"]
[BlackFideId "4603230"]
[EventCountry "GER"]
[EventRounds "7"]
[EventType "team-swiss"]
[EventDate "2009.12.26"]

1. e4 c5 2. Nf3 Nc6 3. d4 cxd4 4. Nxd4 g6 5. Nc3 Bg7 6. Be3 Nf6 7. Bc4 O-O 8.
Bb3 a5 9. f3 d5 10. Bxd5 Nxd5 11. Nxd5 e6 12. Nxc6 bxc6 13. Nb6 Rb8 14. Qxd8
Rxd8 15. Rd1 Rxd1+ 16. Kxd1 Bxb2 17. Nxc8 Rxc8 18. Ke2 Kg7 19. Rb1 Ba3 20. Rb7
c5 21. Bf4 Kf6 22. Bc7 Bb4 23. e5+ Kg7 24. Kd3 a4 25. Kc4 Ra8 26. Bd6 Rd8 27.
c3 Ba3 28. Kb5 Bb2 29. c4 Bd4 30. Rb8 Rxb8+ 31. Bxb8 a3 32. Bd6 Kh6 33. Bxc5
Bxe5 34. Bxa3 Bxh2 35. Kc6 Kg5 36. Bd6 Bg1 37. c5 h5 38. Kb7 Bxc5 39. Bxc5 Kf4
40. a4 Kg3 41. a5 Kxg2 42. a6 h4 43. a7 h3 44. a8=Q h2 45. Qa2+ Kh3 46. Qb1 Kg2
47. Qc2+ Kh3 48. Qd1 Kg2 49. Qe2+ Kh3 50. Qf1+ Kg3 51. Bd6+ Kh4 52. Qg2 h1=R
53. Qg4# 1-0

[Event "DVM U16 2009"]
[Site "Verden/Aller GER"]
[Date "2009.12.27"]
[Round "2"]
[White "Braun, Georg"]
[Black "Thumulka, Patrick"]
[Result "1-0"]
[Termination "normal"]
[Board "2.2"]
[WhiteElo "2023"]
[BlackElo "1892"]
[WhiteTeam "SK Bebenhausen"]
[BlackTeam "SG Oesede-Georgsmarienhütte"]
[PlyCount "79"]
[WhiteFideId "24629383"]
[BlackFideId "24676870"]
[EventCountry "GER"]
[EventRounds "7"]
[EventType "team-swiss"]
[EventDate "2009.12.26"]

1. e4 e6 2. d4 d5 3. Nc3 Nf6 4. Bg5 Bb4 5. e5 h6 6. Bd2 Bxc3 7. bxc3 Ne4 8. Qg4
Kf8 9. Bd3 Nxd2 10. Kxd2 c5 11. Nf3 c4 12. Be2 Nc6 13. h4 b5 14. h5 a5 15. a3
Rb8 16. Rh3 Bd7 17. Nh4 Qg5+ 18. f4 Qxg4 19. Bxg4 Ne7 20. Rf1 Nf5 21. Bxf5 exf5
22. Rb1 Ke7 23. Rg3 Rhg8 24. Nf3 a4 25. Re1 Rb6 26. Ke2 Rbb8 27. Kf2 Rb6 28.
Ng1 g5 29. hxg6 Rbxg6 30. Ne2 Rxg3 31. Nxg3 Rg4 32. Kf3 Rg6 33. Rh1 f6 34. Rh5
fxe5 35. dxe5 Be6 36. Nxf5+ Bxf5 37. Rxf5 Ke6 38. Rh5 Kf7 39. Rh1 Kg7 40. Rd1
1-0

[Event "DVM U16 2009"]
[Site "Verden/Aller GER"]
[Date "2009.12.27"]
[Round "2"]
[White "Düssler, Stefanie"]
[Black "Kaulich, Philipp Theodor"]
[Result "1-0"]
[Termination "normal"]
[Board "2.3"]
[WhiteElo "1784"]
[BlackElo "1874"]
[WhiteTeam "SG Oesede-Georgsmarienhütte"]
[BlackTeam "SK Bebenhausen"]
[PlyCount "81"]
[WhiteFideId "4634780"]
[BlackFideId "4641582"]
[EventCountry "GER"]
[EventRounds "7"]
[EventType "team-swiss"]
[EventDate "2009.12.26"]

1. e4 c5 2. Nc3 Nc6 3. f4 g6 4. Nf3 Bg7 5. Bc4 e6 6. O-O d6 7. Qe1 Nge7 8. d3
O-O 9. Qh4 Nd4 10. Nxd4 Bxd4+ 11. Kh1 Nc6 12. Qg3 Bg7 13. f5 Nd4 14. Bg5 f6 15.
Bf4 d5 16. Bb3 Nxb3 17. axb3 exf5 18. Nxd5 Bd7 19. Bc7 Qe8 20. Bd6 Rd8 21. Bxf8
Qxf8 22. Qc7 Bc6 23. Ne7+ Kh8 24. Nxc6 bxc6 25. exf5 gxf5 26. Rxa7 Re8 27. Rfa1
h6 28. h3 Rc8 29. Qf7 Re8 30. Kg1 c4 31. bxc4 Qc5+ 32. Kh1 Rg8 33. Qg6 Qf8 34.
Ra8 Qxa8 35. Rxa8 Rxa8 36. Qxf5 Re8 37. Qd7 Re5 38. Qxc6 f5 39. Kg1 f4 40. Kf2
Rg5 41. c3 1-0

[Event "DVM U16 2009"]
[Site "Verden/Aller GER"]
[Date "2009.12.27"]
[Round "2"]
[White "Bonenberger, Pablo Jeremias"]
[Black "Fischer, Marvin"]
[Result "1-0"]
[Termination "normal"]
[Board "2.4"]
[WhiteElo "1820"]
[BlackElo "1438"]
[WhiteTeam "SK Bebenhausen"]
[BlackTeam "SG Oesede-Georgsmarienhütte"]
[PlyCount "105"]
[WhiteFideId "4640675"]
[BlackFideId "12910082"]
[EventCountry "GER"]
[EventRounds "7"]
[EventType "team-swiss"]
[EventDate "2009.12.26"]

1. e4 e5 2. f4 Nc6 3. Nf3 d6 4. Nc3 Bg4 5. Bb5 Be7 6. O-O Qd7 7. Qe1 a6 8. Ba4
b5 9. Bb3 Bxf3 10. Rxf3 Nd4 11. Rf1 c5 12. Bd5 Rb8 13. Qd1 Nf6 14. d3 O-O 15.
a3 a5 16. Ba2 a4 17. Ne2 Nxe2+ 18. Qxe2 b4 19. axb4 cxb4 20. Bc4 Rfc8 21. f5 b3
22. c3 Ra8 23. g4 h6 24. h4 Nh7 25. Qh2 Qd8 26. Bd5 Ra5 27. Rf3 Bxh4 28. Bxb3
Qb6+ 29. Kh1 Qxb3 30. Qxh4 Qd1+ 31. Kg2 Qe2+ 32. Qf2 Qxf2+ 33. Rxf2 Ng5 34. c4
Rb8 35. b4 Ra7 36. b5 Raa8 37. Rfa2 Kf8 38. Rxa4 Rxa4 39. Rxa4 Ke8 40. Ba3 f6
41. Bxd6 Rd8 42. c5 Nf7 43. Ra6 Nxd6 44. Rxd6 Rxd6 45. cxd6 Kd7 46. Kh3 Kxd6
47. Kh4 Kc5 48. Kh5 Kxb5 49. Kg6 Kc5 50. Kxg7 Kd4 51. Kxf6 Kxd3 52. Kxe5 Ke3
53. f6 1-0

[Event "DVM U16 2009"]
[Site "Verden/Aller GER"]
[Date "2009.12.27"]
[Round "2"]
[White "Raider, Eugen"]
[Black "Stahnecker, Ludwig"]
[Result "0-1"]
[Termination "normal"]
[Board "3.1"]
[WhiteElo "1871"]
[BlackElo "1989"]
[WhiteTeam "Königsspringer SC 1984"]
[BlackTeam "VfR-SC Koblenz"]
[PlyCount "46"]
[WhiteFideId "24657352"]
[BlackFideId "24692026"]
[EventCountry "GER"]
[EventRounds "7"]
[EventType "team-swiss"]
[EventDate "2009.12.26"]

1. Nf3 d5 2. c4 e6 3. b3 Nf6 4. g3 c5 5. d3 Bd6 6. Bg2 Nc6 7. O-O O-O 8. Bb2 d4
9. e4 Ne8 10. Ne1 e5 11. f4 f5 12. Bc1 Qc7 13. a3 fxe4 14. Bxe4 exf4 15. gxf4
Bxf4 16. Bxh7+ Kh8 17. Kh1 Bh3 18. Bg6 Bxf1 19. Qh5+ Bh6 20. Bxh6 gxh6 21.
Qxh6+ Kg8 22. Nd2 Qg7 23. Qg5 Ne5 1-0

[Event "DVM U16 2009"]
[Site "Verden/Aller GER"]
[Date "2009.12.27"]
[Round "2"]
[White "Stahnecker, Wieland"]
[Black "Stanau, Guido"]
[Result "0-1"]
[Termination "normal"]
[Board "3.2"]
[WhiteElo "2040"]
[BlackElo "2006"]
[WhiteTeam "VfR-SC Koblenz"]
[BlackTeam "Königsspringer SC 1984"]
[PlyCount "64"]
[WhiteFideId "4694481"]
[BlackFideId "24692255"]
[EventCountry "GER"]
[EventRounds "7"]
[EventType "team-swiss"]
[EventDate "2009.12.26"]

1. e4 c5 2. Nf3 d6 3. d4 cxd4 4. Nxd4 Nf6 5. Nc3 g6 6. Be3 Bg7 7. f3 O-O 8. Qd2
Nc6 9. Bc4 Bd7 10. O-O-O Rb8 11. Bb3 Na5 12. Kb1 b5 13. Ka1 Nc4 14. Bxc4 bxc4
15. Rb1 Rb6 16. Bh6 Bxh6 17. Qxh6 Ra6 18. h4 e5 19. Nde2 d5 20. exd5 Nxd5 21.
Rbc1 Nb4 22. Kb1 Qe7 23. Qe3 Rb8 24. h5 Ra3 25. Qd2 Ra6 26. hxg6 fxg6 27. Ng3
Nxa2 28. Qd5+ Be6 29. Qxe5 Rxb2+ 30. Kxb2 Qa3+ 31. Kb1 Nxc3+ 32. Qxc3 Qa2# 0-1

[Event "DVM U16 2009"]
[Site "Verden/Aller GER"]
[Date "2009.12.27"]
[Round "2"]
[White "Steinfeldt, Henry"]
[Black "Vossen, Daniel"]
[Result "1-0"]
[Termination "normal"]
[Board "3.3"]
[WhiteElo "1796"]
[BlackElo "1752"]
[WhiteTeam "Königsspringer SC 1984"]
[BlackTeam "VfR-SC Koblenz"]
[PlyCount "120"]
[WhiteFideId "24697176"]
[EventCountry "GER"]
[EventRounds "7"]
[EventType "team-swiss"]
[EventDate "2009.12.26"]

1. e4 d6 2. d4 Nf6 3. Nc3 g6 4. Be3 Bg7 5. f3 O-O 6. Qd2 Nbd7 7. O-O-O c6 8. g4
Nb6 9. h4 h5 10. gxh5 Nxh5 11. Bh6 d5 12. Bxg7 Kxg7 13. e5 Bf5 14. Bh3 Nc4 15.
Qf2 Qd7 16. b3 Nb6 17. Nce2 Rh8 18. Ng3 e6 19. N1e2 Qe7 20. Bxf5 exf5 21. Rdg1
Kf8 22. Nxh5 Rxh5 23. Nf4 Rh6 24. Qg3 Kg7 25. Qh3 Rah8 26. h5 Kf8 27. Qg2 Ke8
28. hxg6 Rxh1 29. gxf7+ Kxf7 30. Rxh1 Rxh1+ 31. Qxh1 Qg5 32. Qh7+ Ke8 33. Qg6+
Qxg6 34. Nxg6 Kf7 35. Nh4 Ke6 36. f4 Na8 37. Kd2 Nc7 38. Kd3 Na6 39. a3 Nc7 40.
c4 b5 41. cxb5 cxb5 42. Kc3 a5 43. Ng2 Kf7 44. a4 b4+ 45. Kd3 Ne6 46. Ke3 Nf8
47. Ne1 Kg6 48. Nd3 Kh5 49. Nc5 Kg6 50. Nb7 Ne6 51. Nxa5 Nd8 52. Kf3 Kf7 53.
Kg3 Ke7 54. Kh4 Kd7 55. Kg5 Ne6+ 56. Kxf5 Nxd4+ 57. Kf6 Ne6 58. f5 Nd8 59. e6+
Ke8 60. Ke5 Kf8 1-0

[Event "DVM U16 2009"]
[Site "Verden/Aller GER"]
[Date "2009.12.27"]
[Round "2"]
[White "Lauer, Florian"]
[Black "Hort, Max"]
[Result "1/2-1/2"]
[Termination "normal"]
[Board "3.4"]
[WhiteElo "1678"]
[BlackElo "1850"]
[WhiteTeam "VfR-SC Koblenz"]
[BlackTeam "Königsspringer SC 1984"]
[PlyCount "101"]
[WhiteFideId "12910074"]
[BlackFideId "24600849"]
[EventCountry "GER"]
[EventRounds "7"]
[EventType "team-swiss"]
[EventDate "2009.12.26"]

1. e4 e6 2. d4 d5 3. exd5 exd5 4. c4 c6 5. Bf4 Nf6 6. Nc3 Bf5 7. Nf3 Be7 8. Qb3
Qb6 9. Qxb6 axb6 10. cxd5 Nxd5 11. Nxd5 cxd5 12. Bb5+ Bd7 13. Bxd7+ Nxd7 14.
O-O O-O 15. Rfe1 Rfe8 16. a3 b5 17. Re3 Bf6 18. Rb3 Ra4 19. Rxb5 Bxd4 20. Nxd4
Rxd4 21. Be3 Rde4 22. Rxd5 Nb6 23. Rb5 Nc4 24. Rxb7 Nxe3 25. fxe3 Rxe3 26. Rf1
h5 27. Rbxf7 Rb3 28. R7f2 Reb8 29. a4 Rxb2 30. Rxb2 Rxb2 31. Ra1 Rb6 32. a5 Ra6
33. Kf2 Kf7 34. Ke3 Ke7 35. Kd3 Kd7 36. Kc4 Kc8 37. Kb5 Kb7 38. Re1 Rg6 39. a6+
Ka7 40. Re7+ Ka8 41. g3 Rg5+ 42. Kc4 h4 43. gxh4 Rg4+ 44. Kc5 Rxh4 45. Rxg7
Rxh2 46. Kb6 Rh6+ 47. Kb5 Rh5+ 48. Kc4 Rh4+ 49. Kd5 Ra4 50. Rg8+ Ka7 51. Rg7+
1/2-1/2

[Event "DVM U16 2009"]
[Site "Verden/Aller GER"]
[Date "2009.12.27"]
[Round "2"]
[White "Weißbeck, Simon"]
[Black "Konow, Philipp"]
[Result "1-0"]
[Termination "normal"]
[Board "4.1"]
[WhiteElo "1992"]
[BlackElo "1864"]
[WhiteTeam "Heilbronner Schachverein"]
[BlackTeam "Stader Schachverein"]
[PlyCount "63"]
[WhiteFideId "24646865"]
[BlackFideId "4635230"]
[EventCountry "GER"]
[EventRounds "7"]
[EventType "team-swiss"]
[EventDate "2009.12.26"]

1. e4 c5 2. c3 g6 3. d4 cxd4 4. cxd4 d5 5. e5 Nc6 6. Nf3 Bg7 7. Nc3 a6 8. Qb3
e6 9. Bg5 f6 10. exf6 Nxf6 11. Bd3 Qd6 12. O-O O-O 13. Bh4 Nh5 14. Ne2 Kh8 15.
Rad1 a5 16. a3 a4 17. Qc2 e5 18. dxe5 Nxe5 19. Nxe5 Bxe5 20. Bg3 Nxg3 21. hxg3
Be6 22. Nc3 d4 23. Ne4 Qb6 24. Qc5 Qa5 25. Rc1 Bf5 26. Rfd1 b6 27. Qxa5 Rxa5
28. f4 Bg7 29. Ng5 Bg4 30. Re1 Rc8 31. Rxc8+ Bxc8 32. Re8+ 1-0

[Event "DVM U16 2009"]
[Site "Verden/Aller GER"]
[Date "2009.12.27"]
[Round "2"]
[White "Bauschmann, Christoph"]
[Black "Zuferi, Enis"]
[Result "0-1"]
[Termination "normal"]
[Board "4.2"]
[WhiteElo "1860"]
[BlackElo "1846"]
[WhiteTeam "Stader Schachverein"]
[BlackTeam "Heilbronner Schachverein"]
[PlyCount "46"]
[WhiteFideId "24603414"]
[BlackFideId "24692530"]
[EventCountry "GER"]
[EventRounds "7"]
[EventType "team-swiss"]
[EventDate "2009.12.26"]

1. e4 c5 2. Nf3 d6 3. d4 cxd4 4. Nxd4 Nf6 5. Nc3 a6 6. Bg5 e6 7. f4 b5 8. e5
dxe5 9. fxe5 Qc7 10. exf6 Qe5+ 11. Ne4 Qxe4+ 12. Be2 Qxg2 13. Bf3 Qxg5 14. Bxa8
Qh4+ 15. Ke2 Qxf6 16. Nc6 e5 17. Qd5 Bg4+ 18. Ke3 Qf4+ 19. Kd3 Nd7 20. b4 Bf3
21. Qb3 Bxh1 22. Kc3 Bxc6 23. Bxc6 Qd4# 0-1